000 00668nam a2200217 i 4500
001 bgj
100 1 _aDOOLEY, Jenny
245 1 0 _aBlockbuster :
_bpodręcznik dla gimnazjum : workbook and grammar book 1 /
_cJenny Dooley, Virginia Evans.
250 _aEdycja polska.
260 _aNewbury, Berkshire :
_bExpress Publishing,
_c2004.
300 _a151 pp :
_bill. ;
_c30 cm.
650 9 _aEnglish language
_xSecondary schools
_xA1
655 _aTextbooks for foreigners
700 1 _aEVANS, Virginia.
_eco-author
020 _a1844668770
040 _cBPK
041 0 _aeng
920 _a1-84466-877-0
942 _cKS
008 s uk f |000 0 eng
999 _c49031
_d49031
856 _uhttp://koha.tu.koszalin.pl/cgi-bin/koha/opac-detail.pl?biblionumber=49031
_yKatalog online BPK